书目信息 |
| 题名: |
核反应和电离辐射的量和单位
|
|
| 作者: | 陈丽姝 , 刘远迈 编 | |
| 分册: | ||
| 出版信息: | 北京 计量出版社 1983 |
|
| 页数: | 33页 | |
| 开本: | 19cm | |
| 丛书名: | 量和单位丛书 | |
| 单 册: | ||
| 中图分类: | TB98 | |
| 科图分类: | ||
| 主题词: | 计量单位-电离辐射 , 核反应-计量单位 , 电离辐射-计量单位 , 计量单位-核反应 | |
| 电子资源: | ||
| ISBN: | ||
| 000 | 00869nam2 2200313 45 | |
| 001 | 0183000013 | |
| 005 | 20060731154646.95 | |
| 010 | @dCNY0.20 | |
| 091 | @a15210.280 | |
| 100 | @a19950531d1983 em y0chiy0121 ea | |
| 101 | 0 | @achi |
| 102 | @aCN@b110000 | |
| 105 | @ay z 000yy | |
| 200 | 10 | @a核反应和电离辐射的量和单位@Ahe fan ying he dian li fu she de liang he dan wei@f陈丽姝,刘远迈编 |
| 210 | @a北京@c计量出版社@d1983 | |
| 215 | @a33页@d19cm | |
| 225 | 2 | @a量和单位丛书@v12 |
| 300 | @a量和单位丛书(12) | |
| 410 | 0 | @120010@a量和单位丛书 |
| 606 | @a计量单位-电离辐射 | |
| 606 | @a核反应-计量单位 | |
| 606 | @a电离辐射-计量单位 | |
| 606 | @a计量单位-核反应 | |
| 690 | @aTB98@v3 | |
| 701 | 0 | @a陈丽姝@Achen li shu@4编 |
| 701 | 0 | @a刘远迈@Aliu yuan mai@4编 |
| 801 | 2 | @aCN@bNLC@c20060731 |
| 801 | 0 | @aCN@bTSSF |
| 905 | @a10447@dTB98@e85:12 | |
| 核反应和电离辐射的量和单位/陈丽姝,刘远迈编.-北京:计量出版社,1983 |
| 33页;19cm.-(量和单位丛书;12) |
| 量和单位丛书(12) |
| ISBN :CNY0.20 |
| ● |
| 相关链接 |
|
|
|
|
正题名:核反应和电离辐射的量和单位
索取号:TB98/85:12
 
预约/预借
| 序号 | 登录号 | 条形码 | 馆藏地/架位号 | 状态 | 备注 |
| 1 | 0439180 | 204391808 | 密集书库/ [索取号:TB98/85:12] | 在馆 | |
| 2 | 0439181 | 204391817 | 密集书库/ [索取号:TB98/85:12] | 在馆 |